Normal view
MARC view
- Valdez, Daniel
Entry Nombre Personal
001 - NUMERO DE CONTROL
- campo de control: 34403
003 - IDENTIFICADOR DE NUMERO DE CONTROL
- campo de control: UPN
005 - FECHA Y HORA DE LA ÜLTIMA TRANSACCIÓN
- campo de control: 20210219194452.0
008 - DATOS DE LONGITUD FIJA
- campo de control de longitud fija: nabaccnnaabn|||||||||| b |nc|||||d
035 ## - NUMERO DE CONTROL
- Número de control: UPN11000006510
040 ## - FUENTE DE CATALOGACIÓN
- Lenguaje de catalogación: SPA
- Agencia de transcripción: UPN
100 1# - ENCABEZAMIENTO - NOMBRE PERSONAL
- Nombre personal: Valdez, Daniel
670 ## - FUENTE EN LA QUE SE LOCALIZARON DATOS
- Cita de la fuente: T
- Uniform Resource Identifier: https://www.facebook.com/notes/aspau/aprendizaje-de-ni%C3%B1os-con-tgd-la-importancia-del-maestr-sombra-por-daniel-vald%C3%A9s/10150642012012356
680 ## - NOTA PUBLICA DE ACCESO PÚBLICO
- Frase explicativa de la referencia: Doctor en Psicología
902 ## - CATALOGADOR
- Catalogador: MMA/191113
